000 00173nam a2200073Ia 4500
008 170524s9999 xx 000 0 und d
100 _aRAJGOPAL
245 0 _aMARKETING MANAGEMENT
260 _bVIKAS PUB.HOUSE
999 _c7890
_d7890